Mathematical analysis/ (Record no. 3751)
[ view plain ]
| 000 -LEADER | |
|---|---|
| fixed length control field | 00671nam a22002177a 4500 |
| 003 - CONTROL NUMBER IDENTIFIER | |
| control field | OSt |
| 005 - DATE AND TIME OF LATEST TRANSACTION | |
| control field | 20250718105015.0 |
| 008 - FIXED-LENGTH DATA ELEMENTS--GENERAL INFORMATION | |
| fixed length control field | 250718b |||||||| |||| 00| 0 eng d |
| 020 ## - INTERNATIONAL STANDARD BOOK NUMBER | |
| International Standard Book Number | 9789712377402 |
| 040 ## - CATALOGING SOURCE | |
| Original cataloging agency | DWCL-Main lib |
| Transcribing agency | OC |
| 082 ## - DEWEY DECIMAL CLASSIFICATION NUMBER | |
| Classification number | Fil. 515.11 M426 2015 |
| 100 ## - MAIN ENTRY--PERSONAL NAME | |
| Personal name | Copo, Antonio Roland I. |
| 245 ## - TITLE STATEMENT | |
| Title | Mathematical analysis/ |
| Statement of responsibility, etc. | Antonio Roland I. Copo |
| 260 ## - PUBLICATION, DISTRIBUTION, ETC. | |
| Place of publication, distribution, etc. | Sampaloc, Manila : |
| Name of publisher, distributor, etc. | Rex Book Store, |
| Date of publication, distribution, etc. | c2015. |
| 300 ## - PHYSICAL DESCRIPTION | |
| Extent | viii, 182 pages : |
| Other physical details | illustrations ; |
| Dimensions | 26 cm. |
| 650 ## - SUBJECT ADDED ENTRY--TOPICAL TERM | |
| Topical term or geographic name entry element | 1. Mathematical analysis. |
| 700 ## - ADDED ENTRY--PERSONAL NAME | |
| Personal name | Yonardo A. Gabuyo |
| 700 ## - ADDED ENTRY--PERSONAL NAME | |
| Personal name | Angeline T. Laddaran |
| 700 ## - ADDED ENTRY--PERSONAL NAME | |
| Personal name | Leila D. Mejia |
| 942 ## - ADDED ENTRY ELEMENTS (KOHA) | |
| Source of classification or shelving scheme | Dewey Decimal Classification |
| Koha item type | Book-Filipiniana |
| Call number prefix | Fil. |
| Suppress in OPAC | No |
No items available.